Z chaosu wojny.
| Titel: | Z chaosu wojny. |
|---|---|
| Verfasser: | |
| In: |
Rocznik Gdyński, Band 5 (1984), Seite 11-15 alle Artikel anzeigen |
| Veröffentlicht: | 1984 [1985] |
| Format: | Aufsatz |
| Sprache: | Polnisch |
X
alg: 39192620 001A $01999:11-11-16 001B $01999:29-03-21 $t21:47:05.000 001D $01999:11-11-16 001U $0utf8 001X $00 002@ $0Aox 003@ $0391926209 007A $0391926209 $aHEB 007T $0Herd19984 010@ $apol 011@ $a1984 $n1984 [1985] 021A $aZ chaosu wojny. 027A $aAus dem Chaos des Krieges 028A $aRopełewski $dAndrzej 031A $d5 $h11-15 $j1984 037A $aBetr. die Tätigkeit einer Aktivistengruppe in Seeangelegenheiten in Lublin am Ende des Jahres 1944 039B $aIn $8--Abvc--. Rocznik Gdyński. - Gdynia, 1978-. - ISSN 0137-4044 $x198400000050000989 $9090559797 045F $a900.9438209043 $eDDC23BSB 045F/01 $a900 045F/03 $f09043 045F/03 $f09044 045F/03 $g4382 045F/03 $g43832 046C $aAus dem Chaos des Krieges $bÜbers. des Hauptsacht. lok: 39192620 78 exp: 39192620 78 1 #EPN 201B/01 $027-03-18 $t23:18:15.000 201U/01 $0utf8 203@/01 $0788022032 208@/01 $a11-11-16 $be 209A/01 $a/ $f000 $x00 220C/01 $aTitelaufnehmer: kl 244Z/01 $2Trx $#Prusy Wschodnie i Zachodnie $8--Trx--Ost- und Westpreußen $x01 $939113373X 244Z/01 $#Lublin $#Ljublin $#Lublin, Urza̜d Miejski $#Urza̜d Miejski Lublin $74036418-5 $8--Tg1--Lublin $x02 $908509868X 244Z/01 $aGeschichte 1944 $x03 244Z/01 $2Trx $#laeva sõit $#jūreivystė $#shipping $#hajóutazás $#żegluga $#doprava lodná $#doprava lodní $#Seefahrt $#doprava námorná $#doprava námořní $8--Trx--Schifffahrt $x04 $9391380680 244Z/01 $2Trx $#maailmasõda, teine 1939-1945 $#Antrasis pasaulinis karas 1939-1945 $#World War, Second 1939-1945 $#világháború. második 1939-1945 $#wojna światowa, druga 1939-1945 $#vojna svetová II. 1939-1945 $#válka druhá světová 1939-1945 $#Zweiter Weltkrieg $8--Trx--Weltkrieg, Zweiter$g1939-1945 $x05 $939138239X 244Z/01 $2Trx $8--Trx--Zeitschriftenaufsatz $x06 $9391384341 245Z/01 $a06.04.03 $x01 247C/01 $82080>Marburg/Lahn, Herder-Institut, Forschungsbibliothek, Bibliographieportal $9336309341
| LEADER | 00000caa a22000002c 4500 | ||
|---|---|---|---|
| 001 | 391926209 | ||
| 003 | DE-603 | ||
| 005 | 20210329214705.0 | ||
| 007 | tu | ||
| 008 | 161111s1984 xx |||| | u00||u|pol c | ||
| 035 | |a (DE-599)HEB391926209 | ||
| 040 | |a DE-603 |b ger |c DE-603 |d DE-603 | ||
| 041 | |a pol | ||
| 082 | 0 | 4 | |8 1\u |a 900.9438209043 |q DE-101 |2 23/BSB |
| 085 | |8 1\u |b 900 | ||
| 085 | |8 1\u |z 1 |s 09043 | ||
| 085 | |8 1\u |z 1 |s 09044 | ||
| 085 | |8 1\u |z 2 |s 4382 | ||
| 085 | |8 1\u |z 2 |s 43832 | ||
| 100 | 1 | |a Ropełewski, Andrzej | |
| 245 | 0 | 0 | |a Z chaosu wojny. |
| 246 | 1 | |i Übers. des Hauptsacht. |a Aus dem Chaos des Krieges | |
| 246 | 1 | 3 | |a Aus dem Chaos des Krieges |
| 264 | 0 | |c 1984 [1985] | |
| 500 | |a Betr. die Tätigkeit einer Aktivistengruppe in Seeangelegenheiten in Lublin am Ende des Jahres 1944 | ||
| 773 | 0 | 8 | |i In |t Rocznik Gdyński |d Gdynia, 1978- |x 0137-4044 |g Band 5 (1984), Seite 11-15 |w (DE-603)090559797 |w (DE-600)2008589-8 |
| 924 | 0 | |9 2080 |a (DE-603)788022032 |b DE-2080 |c HES |d d |g / | |


